000 01193nam a2200241Ia 4500
003 Ost
005 20260507074904.0
008 260507s9999||||xx |||||||||||||| ||und||
020 _a9960245144
040 _cfsecg
041 _aara
082 _a330.15
100 _aحيدر، فاخر عبد الستار
_eمؤلف
245 0 _aالتحليل الإقتصادي لتغيرات أسعار الأسهم :
_bمنهج الإقتصاد الكلي /
_c فاخر عبد الستار حيدر
260 _aالرياض:
_bدار المريخ للنشر,
_c2002
300 _a182 صفحة؛
_bإيضاحات ؛
_c24 سم
504 _aببليوغرافيا: ص.175
520 _aيضم تحليل العلاقة بين تغيرات عرض النقد والأسعار، تحليل العلاقة بين التضخم وتغيرات أسعار الأسهم، تحليل العلاقة بين تغيرات أسعار الفائدة وأسعار الأسهم، تحليل العلاقة بين النشاط الإقتصادي وأسعار الأسهم
653 _aالأسهم
653 _aالإقتصاد التحليلي
653 _aالإقتصاد الكلي
942 _cكتاب
999 _c41679
_d41679